<?xml version="1.0" encoding="UTF-8"?>
<record
    xmlns:xsi="http://www.w3.org/2001/XMLSchema-instance"
    xsi:schemaLocation="http://www.loc.gov/MARC21/slim http://www.loc.gov/standards/marcxml/schema/MARC21slim.xsd"
    xmlns="http://www.loc.gov/MARC21/slim">

  <leader>01223nam a22002537a 4500</leader>
  <controlfield tag="005">20120112143825.0</controlfield>
  <controlfield tag="008">120112t        xxu||||| |||| 00| 0 mar d</controlfield>
  <datafield tag="010" ind1=" " ind2=" ">
    <subfield code="a">MAR-21910</subfield>
  </datafield>
  <datafield tag="020" ind1=" " ind2=" ">
    <subfield code="c">150.00</subfield>
  </datafield>
  <datafield tag="035" ind1=" " ind2=" ">
    <subfield code="a">MR-14568</subfield>
  </datafield>
  <datafield tag="037" ind1=" " ind2=" ">
    <subfield code="b">DBAD/PUB</subfield>
  </datafield>
  <datafield tag="040" ind1=" " ind2=" ">
    <subfield code="a">DPL</subfield>
    <subfield code="b">MR</subfield>
  </datafield>
  <datafield tag="082" ind1=" " ind2=" ">
    <subfield code="a">891.463</subfield>
  </datafield>
  <datafield tag="100" ind1=" " ind2=" ">
    <subfield code="9">39079</subfield>
    <subfield code="a">&#x932;&#x93E;&#x902;&#x921;&#x917;&#x947;,&#x928;&#x902;&#x926;&#x942; &#x92E;&#x927;&#x941;&#x915;&#x930;</subfield>
  </datafield>
  <datafield tag="245" ind1=" " ind2=" ">
    <subfield code="a">&#x91C;&#x92F;&#x92E;&#x93E;&#x932;&#x93E; /</subfield>
    <subfield code="c">&#x928;&#x902;&#x926;&#x942; &#x92E;&#x927;&#x941;&#x915;&#x930; &#x932;&#x93E;&#x902;&#x921;&#x917;&#x947;</subfield>
  </datafield>
  <datafield tag="246" ind1=" " ind2=" ">
    <subfield code="a">Jaymala</subfield>
    <subfield code="b">by Nandu Madhukar Landge</subfield>
  </datafield>
  <datafield tag="260" ind1=" " ind2=" ">
    <subfield code="a">&#x92A;&#x941;&#x923;&#x947;</subfield>
    <subfield code="b">&#x92A;&#x941;&#x937;&#x94D;&#x92A;&#x928;&#x902;&#x926; &#x92A;&#x94D;&#x930;&#x915;&#x93E;&#x936;&#x928;</subfield>
    <subfield code="c">2008</subfield>
  </datafield>
  <datafield tag="270" ind1=" " ind2=" ">
    <subfield code="a">12 &#x935;&#x93F;&#x920;&#x94D;&#x920;&#x932; &#x938;&#x94D;&#x92E;&#x943;&#x924;&#x940;,&#x915;&#x94B;&#x915;&#x923; &#x90F;&#x915;&#x94D;&#x938;&#x92A;&#x94D;&#x930;&#x947;&#x938; &#x939;&#x949;&#x91F;&#x947;&#x932; &#x91C;&#x935;&#x933; &#x915;&#x94B;&#x925;&#x930;&#x942;&#x921; &#x92C;&#x938; &#x938;&#x94D;&#x91F;&#x945;&#x923;&#x94D;&#x921;,&#x915;&#x930;&#x94D;&#x935;&#x947; &#x930;&#x94B;&#x921;,</subfield>
    <subfield code="b">&#x92A;&#x941;&#x923;&#x947;</subfield>
    <subfield code="e">-38</subfield>
    <subfield code="k">020-25464756</subfield>
  </datafield>
  <datafield tag="300" ind1=" " ind2=" ">
    <subfield code="a">144&#x92A;&#x943;.</subfield>
    <subfield code="c">21&#x938;&#x947;&#x92E;&#x940;(&#x905;&#x91C;&#x93F;&#x932;&#x94D;&#x926;)</subfield>
  </datafield>
  <datafield tag="650" ind1=" " ind2=" ">
    <subfield code="a">&#x92E;&#x930;&#x93E;&#x920;&#x940; &#x915;&#x93E;&#x926;&#x902;&#x92C;&#x930;&#x940;</subfield>
    <subfield code="9">39987</subfield>
  </datafield>
  <datafield tag="650" ind1=" " ind2=" ">
    <subfield code="a">Marathi Fiction</subfield>
    <subfield code="9">39988</subfield>
  </datafield>
  <datafield tag="942" ind1=" " ind2=" ">
    <subfield code="2">ddc</subfield>
    <subfield code="c">MR</subfield>
    <subfield code="m">&#x932;&#x93E;&#x902;&#x921;&#x917;&#x947;</subfield>
    <subfield code="h">891.463</subfield>
  </datafield>
  <datafield tag="999" ind1=" " ind2=" ">
    <subfield code="c">61362</subfield>
    <subfield code="d">61362</subfield>
  </datafield>
  <datafield tag="952" ind1=" " ind2=" ">
    <subfield code="0">0</subfield>
    <subfield code="1">0</subfield>
    <subfield code="2">ddc</subfield>
    <subfield code="4">0</subfield>
    <subfield code="7">1</subfield>
    <subfield code="8">FIC</subfield>
    <subfield code="a">DBAD</subfield>
    <subfield code="b">DBAD</subfield>
    <subfield code="d">2012-01-23</subfield>
    <subfield code="e">DBAD/PUB</subfield>
    <subfield code="g">150.00</subfield>
    <subfield code="l">0</subfield>
    <subfield code="o">891.463 &#x932;&#x93E;&#x902;&#x921;&#x917;&#x947;</subfield>
    <subfield code="p">MR-14568</subfield>
    <subfield code="r">2012-01-23 00:00:00</subfield>
    <subfield code="t">1</subfield>
    <subfield code="v">150.00</subfield>
    <subfield code="w">2012-01-23</subfield>
    <subfield code="y">MR</subfield>
  </datafield>
</record>
